Statistics for ALL twenty one pilots Songs

Click here to take the quiz!

General Stats

  • This quiz has been taken 1,360 times
  • The average score is 47 of 78

Answer Stats

AlbumSong Title% Correct
BlurryfaceStressed Out
95%
BlurryfaceRide
89%
No Phun IntendedTrees
85%
VesselTrees
85%
Regional At BestTrees
85%
BlurryfaceHeavydirtysoul
84%
VesselCar Radio
83%
Regional At BestCar Radio
83%
BlurryfaceGoner
81%
Regional At BestOde to Sleep
81%
VesselOde To Sleep
81%
VesselHouse Of Gold
80%
VesselMigraine
80%
BlurryfaceTear In My Heart
79%
VesselGuns For Hands
78%
Regional At BestGuns for Hands
78%
VesselHolding On To You
77%
Regional At BestHolding On to You
77%
BlurryfaceLane Boy
76%
BlurryfaceThe Judge
76%
VesselTruce
75%
BlurryfaceMessage Man
74%
BlurryfaceDoubt
73%
BlurryfaceFairly Local
73%
BlurryfaceHometown
73%
BlurryfaceWe Don't Believe What's On TV
73%
Regional At BestKitchen Sink
72%
BlurryfacePolarize
72%
Singles/CoversHeathens
71%
Regional At BestRuby
71%
VesselScreen
71%
Self-TitledIsle of Flightless Birds
70%
Self-TitledJohnny Boy
70%
Self-TitledAddict With a Pen
69%
VesselSemi-Automatic
69%
Regional At BestForest
68%
Self-TitledTaxi Cab
68%
Singles/CoversCancer
67%
BlurryfaceNot Today
67%
Self-TitledOh, Ms Believer
67%
Self-TitledFall Away
66%
Self-TitledThe Pantaloon
66%
Self-TitledA Car, a Torch, a Death
64%
VesselFake You Out
64%
Self-TitledFriend, Please
64%
Regional At BestLovely
64%
Self-TitledMarch To the Sea
63%
Self-TitledTrapdoor
63%
Self-TitledImplicit Demand For Proof
62%
Singles/CoversCan't Help Falling In Love
61%
Regional At BestGlowing Eyes
61%
VesselThe Run And Go
61%
Self-TitledAir Catcher
60%
Regional At BestSlowtown
59%
Self-TitledBefore You Start Your Day
58%
Regional At BestAnathema
57%
Regional At BestBe Concerned
53%
Regional At BestClear
52%
No Phun IntendedDrown
51%
No Phun IntendedBlasphemy
44%
No Phun IntendedTB Saga
38%
No Phun IntendedSave
37%
Singles/CoversJar Of Hearts
36%
No Phun IntendedHole In The Ground
35%
No Phun IntendedTaken By Sleep
31%
Singles/CoversTwo
31%
No Phun IntendedJust Like Yesterday
28%
No Phun IntendedProve Me Wrong
28%
No Phun IntendedTonight
27%
No Phun IntendedWhisper
26%
No Phun IntendedI'm A Goner
25%
No Phun IntendedFalling Too
24%
No Phun IntendedHear Me Now
24%
No Phun IntendedI Want To Know
22%
No Phun IntendedRealize That It's Gone
22%
No Phun IntendedWhere Did We Go
22%
No Phun IntendedChords/Words
17%
Singles/CoversTime to Say Goodbye
16%

Score Distribution

Percentile by Number Answered

Percent of People with Each Score

Your Score History

You have not taken this quiz